000 01009cam a22002411i 4500
003 SA-RiAUC
005 20250211073847.0
008 250209s1992 xx g 000re ara c
040 _aSA-YaUC
_bara
_cSA-RiAUC
_erda
082 0 4 _a814.9531
_qSA-RiAUC
090 _a814.9531
_bا ب ن ت
100 1 _aابن تنباك، مرزوق بن صنيتان بن مرزوق،
_d1370 هجري-
_eمؤلف.
245 1 0 _aرسائل إلى الوطن /
_cتأليف مرزوق بن صنيتان بن تنباك.
250 _aالطبعة الأولى.
264 1 _a[مكان النشر غير محدد] :
_b[الناشر غير محدد]،
_c1992
300 _a190 صفحة ؛
_c24 × 17 سم
336 _aنص
_btxt
_2rdacontent
_3كتاب
337 _aبدون وسيط
_bn
_2rdamedia
338 _aمجلد
_bnc
_2rdacarrier
650 7 _aالأدب العربي
_zالسعودية
_yقرن 15 هجري
_vمقالات ومحاضرات
_2aucsh
942 _2ddc
_cBOOK
_n0
949 _aSA-JeALM
_d250209
_umohamedma123
_n1
999 _c5818
_d5818